ბათუმის შოთა რუსთაველის სახელმწიფო უნივერსიტეტის ბიბლიოთეკა

ტექნიკოსის ცნობარი (ბიბ.ჩანაწერი № 37521)

000 -LEADER
fixed length control field 00560nam a2200193Ia 4500
001 - CONTROL NUMBER
control field 3485
003 - CONTROL NUMBER IDENTIFIER
control field GE_BSU
008 - FIXED-LENGTH DATA ELEMENTS--GENERAL INFORMATION
fixed length control field 181216s||||||||xx |||||||||||||| ||und||
040 ## - CATALOGING SOURCE
Transcribing agency GE_BSU
080 ## - UNIVERSAL DECIMAL CLASSIFICATION NUMBER
Universal Decimal Classification number 62(035)
245 ## - TITLE STATEMENT
Title ტექნიკოსის ცნობარი
245 ## - TITLE STATEMENT
Statement of responsibility, etc. რედ.ე.ვაშაკიძე,პ.ზერაგია,ი.არევაძე
260 ## - PUBLICATION, DISTRIBUTION, ETC.
Place of publication, distribution, etc. თბილისი
260 ## - PUBLICATION, DISTRIBUTION, ETC.
Name of publisher, distributor, etc. ტექნიკა და შრომა
260 ## - PUBLICATION, DISTRIBUTION, ETC.
Date of publication, distribution, etc. 1950
300 ## - PHYSICAL DESCRIPTION
Extent 616გვ.
300 ## - PHYSICAL DESCRIPTION
Dimensions 21 სმ.
942 ## - ADDED ENTRY ELEMENTS (KOHA)
Koha item type წიგნი

არაა ხელმისაწვდომი ეგზემპლარები.